header

Moscow theatres for young people (Record no. 201060)

MARC details
000 -LEADER
fixed length control field 01610nam a22003734a 4500
082 04 - DEWEY DECIMAL CLASSIFICATION NUMBER
Classification number 792/.0947/31
100 1# - MAIN ENTRY--AUTHOR NAME
Personal name Water, Manon van de.
245 10 - TITLE STATEMENT
Title Moscow theatres for young people
250 ## - EDITION STATEMENT
Edition statement 1st ed.
260 ## - PUBLICATION, DISTRIBUTION, ETC. (IMPRINT)
Place of publication New York :
Name of publisher Palgrave Macmillan,
Year of publication 2006.
300 ## - PHYSICAL DESCRIPTION
Number of Pages xviii, 302 p. :
Other physical details ill.
490 1# - SERIES STATEMENT
Series statement Palgrave studies in theatre and performance history
650 #0 - SUBJECT ADDED ENTRY--TOPICAL TERM
Topical Term Theater and state
Topical Term Theater
Topical Term Children's theater
856 40 - ELECTRONIC LOCATION AND ACCESS
Uniform Resource Identifier http://site.ebrary.com/lib/rucke/Doc?id=10155125

No items available.

© 2026 Rongo University
Contact us: librarian | system librarian | Rongo university